000
00260nam a2200097 a 4500
005
20200930070126.0
008
110823s1901 000 spa d
245
0
_a
Código de procedimiento civil de la República Dominicana.
260
_c
1901.
999
_c
32737
_d
32737
040
_a
DO-SdBNP